Taylor Swift songs that start with "G" - Statistics

General Stats
  • This quiz has been taken 19 times
  • The average score is 5 of 7
Answer Stats
Answer % Correct
Getaway Car
100%
Glitch
80%
gold rush
80%
Gorgeous
80%
Gasoline
70%
Guilty as Sin?
70%
Girl At Home
50%
No matching quizzes found
Score Distribution
Percent of People with Each Score
Percentile by Number Answered
Your Score History
You have not taken this quiz